000 00697nam a2200289Ia 4500
005 20260324122254.0
008 008 260324s9999 xx 000 0 eng d
020 _a9780429096297
037 _aEBOOK
040 _aCRL
040 _beng
040 _cCRL
041 _2eng
041 _aeng
084 _qCRL
100 _aEric W. Abelquist
_91165802
245 0 _aDecommissioning Health Physics
245 2 _bA Handbook for MARSSIM Users, Second Edition
260 _bTaylor and Francis
260 _c2013
365 _a
365 _b340
856 _uhttp://www.taylorfrancis.com/books/9780429096297
942 _cEBOOK
999 _c1758398
_d1758398